| 000 | 00799nam a2200253 4500 | ||
|---|---|---|---|
| 003 | OSt | ||
| 005 | 20260601171005.0 | ||
| 008 | 260506b1994\\\\mx\a||||\||||\00|\0\spa\d | ||
| 020 | _a9789686963526 | ||
| 020 | _a9686963529. | ||
| 040 |
_aICI _bspa _cICI |
||
| 050 |
_aF1256 _bE87 1994 |
||
| 100 | 1 |
_aRamos Maza, Roberto _932110 |
|
| 245 | 1 |
_aEl Estado de Chiapas / _ccoord. investigación y textos de Roberto Ramos Maza ; fot. Lourdes Alonso Adalberto Ríos Szalay. |
|
| 264 |
_bAzabache, _cc1994. _aMéxico : |
||
| 300 |
_a192 páginas _c25cm. |
||
| 336 |
_atexto _2rdacontent |
||
| 337 |
_asin medio _2rdamedia |
||
| 338 |
_avolumen _2rdacarrier |
||
| 500 | _aIncluye índice. | ||
| 651 | 7 |
_aChiapas _xDescripción y viajes. _932111 |
|
| 700 | 1 |
_aAlonso, Lourdes, _efot. _932112 |
|
| 942 |
_2lcc _cB |
||
| 999 |
_c20243 _d20243 |
||